[Event "Olympiad-44"]
[Site "Chennai"]
[Date "2022.08.07"]
[Round "9.4"]
[White "Lenaerts, Lennert"]
[Black "Mazara Ruiz, Adan Manuel"]
[Result "1/2-1/2"]
[WhiteElo "2379"]
[BlackElo "2286"]
[PlyCount "94"]
[EventDate "2022.07.29"]
[EventType "team-swiss"]
[EventRounds "11"]
[EventCountry "IND"]
[SourceTitle "CBM 210"]
[Source "ChessBase"]
[SourceDate "2022.10.31"]
[SourceVersion "1"]
[SourceVersionDate "2022.10.31"]
[SourceQuality "1"]
[WhiteTeam "Belgium"]
[BlackTeam "Dominican Republic"]
[WhiteTeamCountry "BEL"]
[BlackTeamCountry "DOM"]

1. d4 Nf6 2. c4 e6 3. Nc3 Bb4 4. Qc2 0-0 5. Nf3 d6 6. Bd2 Nc6 7. a3 Bxc3 8. Bxc3 Qe7 9. b4 e5 10. d5 Nb8 11. e3 a5 12. Be2 axb4 13. axb4 Rxa1+ 14. Bxa1 b5 15. 0-0 bxc4 16. Bxc4 Bb7 17. e4 c6 18. dxc6 Bxc6 19. Nd2 Qb7 20. b5 Bxe4 21. Nxe4 Nxe4 22. Rd1 Rc8 23. Qe2 Qc7 24. Bxf7+ Qxf7 25. Qxe4 Qb3 26. Qg4 Nd7 27. h3 Ra8 28. Rc1 Nf6 29. Rc8+ Rxc8 30. Qxc8+ Kf7 31. Qc7+ Ke6 32. b6 Nd7 33. b7 Qb1+ 34. Kh2 Qxa1 35. Qd8 Qa4 36. Qg8+ Kf6 37. Qd8+ Kf7 38. Qc7 Qb5 39. b8Q Qxb8 40. Qxd7+ Kf6 41. g4 h6 42. h4 g6 43. Kg2 Qf8 44. Kg3 Qe7 45. Qc6 Kg7 46. f3 Kf6 47. Qa8 Kg7 1/2-1/2

[Event "Guayaquil zt 2.3.5"]
[Site "Guayaquil"]
[Date "2012.03.06"]
[Round "3"]
[White "Martinez Reyes, Pedro Ramon"]
[Black "Mazara Ruiz, Adan Manuel"]
[Result "1/2-1/2"]
[WhiteElo "2200"]
[BlackElo "2289"]
[PlyCount "63"]
[EventDate "2012.03.05"]
[EventType "swiss"]
[EventRounds "9"]
[EventCountry "ECU"]
[SourceTitle "EXT 2013"]
[Source "ChessBase"]
[SourceDate "2012.11.22"]
[SourceVersion "1"]
[SourceVersionDate "2012.11.22"]
[SourceQuality "1"]

1. e4 c6 2. d4 d5 3. Nd2 dxe4 4. Nxe4 Bf5 5. Ng3 Bg6 6. h4 h6 7. Nf3 Nd7 8. h5 Bh7 9. Bd3 Bxd3 10. Qxd3 e6 11. Bd2 Be7 12. 0-0-0 Ngf6 13. Ne4 Nxe4 14. Qxe4 Nf6 15. Qe2 Qd5 16. c4 Qe4 17. Be3 Ng4 18. Qc2 Qxc2+ 19. Kxc2 Bf6 20. Rd2 Nxe3+ 21. fxe3 0-0-0 22. Rh3 Rd7 23. Rf2 Rhd8 24. Ne5 Rc7 25. Nd3 b6 26. b4 Kd7 27. Rhf3 Ke8 28. a4 Kf8 29. Rf1 Re8 30. Nf2 e5 31. Ng4 exd4 32. Nxf6 1/2-1/2

[Event "Iberoamerican-ch GpC 3rd"]
[Site "Mexico City"]
[Date "2010.11.15"]
[Round "3"]
[White "Lorenzana, Wilson Estuardo"]
[Black "Mazara Ruiz, Adan Manuel"]
[Result "1/2-1/2"]
[WhiteElo "2210"]
[BlackElo "2273"]
[PlyCount "26"]
[EventDate "2010.11.13"]
[EventType "tourn"]
[EventRounds "5"]
[EventCountry "MEX"]
[EventCategory "8"]
[SourceTitle "EXT 2011"]
[Source "ChessBase"]
[SourceDate "2010.11.26"]
[SourceVersion "1"]
[SourceVersionDate "2010.11.26"]
[SourceQuality "1"]

1. e4 c6 2. d4 d5 3. e5 c5 4. c3 Nc6 5. a3 Bf5 6. Nf3 e6 7. Be2 Nge7 8. 0-0 Bg4 9. Nbd2 cxd4 10. Nxd4 Bxe2 11. Qxe2 Nxd4 12. cxd4 Rc8 13. Nf3 Nc6 1/2-1/2

[Event "Iberoamerican-ch GpC 3rd"]
[Site "Mexico City"]
[Date "2010.11.14"]
[Round "2"]
[White "Mazara Ruiz, Adan Manuel"]
[Black "Franco Ocampos, Zenon"]
[Result "1-0"]
[WhiteElo "2273"]
[BlackElo "2517"]
[PlyCount "121"]
[EventDate "2010.11.13"]
[EventType "tourn"]
[EventRounds "5"]
[EventCountry "MEX"]
[EventCategory "8"]
[SourceTitle "EXT 2011"]
[Source "ChessBase"]
[SourceDate "2010.11.26"]
[SourceVersion "1"]
[SourceVersionDate "2010.11.26"]
[SourceQuality "1"]

1. d4 Nf6 2. c4 e6 3. g3 c5 4. d5 exd5 5. cxd5 d6 6. Nc3 g6 7. Bg2 Bg7 8. Nf3 0-0 9. 0-0 a6 10. a4 Nbd7 11. Nd2 Re8 12. h3 Rb8 13. Nc4 Nb6 14. Na3 Bd7 15. a5 Nc8 16. Nc4 Bb5 17. Qb3 Bxc4 18. Qxc4 Nd7 19. Qd3 Ne7 20. e4 Ne5 21. Qc2 f5 22. Bg5 Qd7 23. Rfe1 fxe4 24. Bxe7 Rxe7 25. Nxe4 b5 26. Ng5 c4 27. Ne6 Nd3 28. Re4 Bxb2 29. Rb1 Bf6 30. Rxc4 Ne1 31. Qd2 Nxg2 32. Rc7 Qe8 33. Rbc1 b4 34. Rxe7 Bxe7 35. Kxg2 Qf7 36. Qd4 Bf6 37. Qxb4 Rxb4 38. Rc8+ Qe8 39. Rxe8+ Kf7 40. Rf8+ Ke7 41. Ra8 Bc3 42. Rxa6 Rb5 43. Nc7 Rb7 44. Na8 Rb5 45. Nb6 Bxa5 46. Nc8+ Kd7 47. Nxd6 Rxd5 48. Ne4 Rb5 49. Nf6+ Kc8 50. Nxh7 Bb6 51. Nf6 Rb2 52. Ng4 Kd8 53. Ra3 Ke7 54. Rf3 Rb5 55. h4 Rb4 56. Kh3 Bc7 57. Rf6 Rxg4 58. Rc6 Ra4 59. Rxc7+ Kf6 60. Rc5 Rb4 61. f4 1-0

[Event "Iberoamerican-ch GpC 3rd"]
[Site "Mexico City"]
[Date "2010.11.13"]
[Round "1"]
[White "Milos, Gilberto"]
[Black "Mazara Ruiz, Adan Manuel"]
[Result "1-0"]
[WhiteElo "2596"]
[BlackElo "2273"]
[PlyCount "75"]
[EventDate "2010.11.13"]
[EventType "tourn"]
[EventRounds "5"]
[EventCountry "MEX"]
[EventCategory "8"]
[SourceTitle "EXT 2011"]
[Source "ChessBase"]
[SourceDate "2010.11.26"]
[SourceVersion "1"]
[SourceVersionDate "2010.11.26"]
[SourceQuality "1"]

1. c4 Nf6 2. Nc3 g6 3. e4 d6 4. d4 Bg7 5. f3 0-0 6. Bg5 Nbd7 7. Qd2 a6 8. Nh3 c5 9. d5 b5 10. cxb5 Qa5 11. Nf2 Nb6 12. Be2 axb5 13. Nxb5 Bd7 14. Nc3 e6 15. dxe6 Bxe6 16. 0-0 d5 17. Rfc1 dxe4 18. fxe4 Nfd7 19. Bh6 Bd4 20. Bxf8 Rxf8 21. Qe1 f5 22. Kh1 f4 23. Bg4 Bxg4 24. Nxg4 h5 25. Nf2 Ne5 26. Qe2 Nbc4 27. Nd3 Ng4 28. Rf1 Nxb2 29. Qxb2 Bxc3 30. Qb3+ Kh7 31. Rab1 Bd2 32. Qd5 Qd8 33. Qxd8 Rxd8 34. Nxc5 Be3 35. Ne6 Rd2 36. h3 Nf2+ 37. Kh2 Nd3 38. Rfd1 1-0

[Event "Santo Domingo op"]
[Site "Santo Domingo"]
[Date "2010.06.03"]
[Round "2"]
[White "Mazara Ruiz, Adan Manuel"]
[Black "Ehlvest, Jaan"]
[Result "0-1"]
[WhiteElo "2274"]
[BlackElo "2591"]
[PlyCount "94"]
[EventDate "2010.06.02"]
[EventType "swiss"]
[EventRounds "9"]
[EventCountry "DOM"]
[SourceTitle "EXT 2011"]
[Source "ChessBase"]
[SourceDate "2010.11.26"]
[SourceVersion "1"]
[SourceVersionDate "2010.11.26"]
[SourceQuality "1"]

1. c4 Nf6 2. g3 c6 3. Bg2 d5 4. Nf3 Bf5 5. cxd5 cxd5 6. Qb3 Qb6 7. Qxb6 axb6 8. Nc3 Nc6 9. Nb5 Kd7 10. 0-0 e6 11. d3 Be7 12. Be3 Bc5 13. Nbd4 Nxd4 14. Bxd4 Rhc8 15. a3 Bg4 16. Bc3 Bd6 17. h3 Bh5 18. g4 Bg6 19. Rac1 Ke8 20. Nh4 Rc6 21. Nf3 h6 22. Nh4 Rcc8 23. Rfe1 Kd7 24. e4 e5 25. Nf5 Bxf5 26. exf5 Ra4 27. Bd2 Rc6 28. Bf1 Ra8 29. Be3 Rac8 30. Rxc6 bxc6 31. d4 Re8 32. Rd1 b5 33. Kg2 exd4 34. Bxd4 Be5 35. f3 Bxd4 36. Rxd4 Re1 37. a4 Rb1 38. Rb4 bxa4 39. Bd3 c5 40. Rb6 Kc7 41. Rb5 Rc1 42. f4 Nd7 43. f6 Nxf6 44. g5 hxg5 45. fxg5 Nd7 46. h4 g6 47. Ra5 Ne5 0-1

[Event "Olympiad-37"]
[Site "Turin"]
[Date "2006.05.28"]
[Round "7"]
[White "Kuderinov, Kirill"]
[Black "Mazara Ruiz, Adan Manuel"]
[Result "1/2-1/2"]
[WhiteElo "2442"]
[BlackElo "2189"]
[PlyCount "103"]
[EventDate "2006.05.21"]
[EventType "team-swiss"]
[EventRounds "13"]
[EventCountry "ITA"]
[SourceTitle "CBM 113"]
[Source "ChessBase"]
[SourceDate "2006.07.31"]
[SourceVersion "1"]
[SourceVersionDate "2006.07.31"]
[SourceQuality "1"]
[WhiteTeam "Kazakhstan"]
[BlackTeam "Dominican Rep"]
[WhiteTeamCountry "KAZ"]
[BlackTeamCountry "DOM"]

1. e4 d5 2. exd5 Qxd5 3. Nc3 Qa5 4. d4 Nf6 5. Nf3 c6 6. Bc4 Bf5 7. 0-0 e6 8. Re1 Be7 9. Bd3 Bxd3 10. Qxd3 Nbd7 11. Ne5 0-0 12. Bg5 Rfe8 13. Qf3 Rad8 14. a3 Nxe5 15. dxe5 Nd7 16. Bf4 Nf8 17. Re2 Rd7 18. g3 Ng6 19. h4 Red8 20. h5 Nxf4 21. Qxf4 h6 22. Rae1 Qb6 23. Rb1 a6 24. Kg2 Qa5 25. Ne4 Qb5 26. c4 Qb3 27. Rc1 Rd3 28. Rce1 R8d4 29. Re3 Bg5 30. Rxd3 Qxd3 31. Qf3 Qxc4 32. Nd6 Qd5 33. Re4 Rxe4 34. Qxf7+ Kh8 35. Qe8+ Kh7 36. Qg6+ Kg8 37. Nxe4 Qxe5 38. f4 Qxb2+ 39. Kh3 Bf6 40. Qe8+ Kh7 41. Qxe6 Qa1 42. Qf5+ Kg8 43. Qc8+ Kh7 44. Qf5+ Kg8 45. Qe6+ Kh7 46. Kg2 Bd4 47. Qg6+ Kg8 48. Qe8+ Kh7 49. Kh3 Bf6 50. Kg2 Bd4 51. Qg6+ Kg8 52. Qe8+ 1/2-1/2

[Event "Olympiad-37"]
[Site "Turin"]
[Date "2006.05.25"]
[Round "5"]
[White "Mazara Ruiz, Adan Manuel"]
[Black "Mehmeti, Dritan"]
[Result "1/2-1/2"]
[WhiteElo "2189"]
[BlackElo "2378"]
[PlyCount "115"]
[EventDate "2006.05.21"]
[EventType "team-swiss"]
[EventRounds "13"]
[EventCountry "ITA"]
[SourceTitle "CBM 113"]
[Source "ChessBase"]
[SourceDate "2006.07.31"]
[SourceVersion "1"]
[SourceVersionDate "2006.07.31"]
[SourceQuality "1"]
[WhiteTeam "Dominican Rep"]
[BlackTeam "Albania"]
[WhiteTeamCountry "DOM"]
[BlackTeamCountry "ALB"]

1. d4 Nf6 2. Nf3 c5 3. d5 g6 4. Nc3 Bg7 5. e4 0-0 6. Be2 b5 7. e5 Ng4 8. Bf4 b4 9. Ne4 Qc7 10. d6 exd6 11. Nxd6 Nc6 12. Qd5 Rb8 13. Qxc5 Qb6 14. Qxb6 axb6 15. a3 Ngxe5 16. Nxe5 Nxe5 17. axb4 Bb7 18. 0-0 Bd5 19. Rfe1 Ra8 20. Ba6 f6 21. h3 Rfb8 22. Red1 Be6 23. Nb5 Bf8 24. c3 Kf7 25. Nc7 Ra7 26. Nb5 Raa8 27. Nc7 Ra7 28. Nxe6 dxe6 29. Bxe5 fxe5 30. Be2 Rba8 31. Rxa7+ Rxa7 32. Bc4 Kf6 33. Kf1 Ke7 34. Ke2 Rd7 35. Rxd7+ Kxd7 36. Kd3 Bh6 37. Ba6 Kd6 38. Bc8 Bf4 39. Kc4 Bc1 40. Kb3 e4 41. Kc2 Bg5 42. Bb7 Ke5 43. Kd1 e3 44. fxe3 Bxe3 45. Ke2 Bg1 46. Kd3 g5 47. Bc8 h5 48. Kc4 Kd6 49. Bb7 g4 50. hxg4 hxg4 51. Ba8 Bf2 52. Kb5 g3 53. Bf3 Be3 54. Ka6 Kc7 55. Bg4 e5 56. Bf3 Bc1 57. c4 Bxb2 58. c5 1/2-1/2

[Event "Olympiad-37"]
[Site "Turin"]
[Date "2006.05.23"]
[Round "3"]
[White "Samolins, Vitalijs"]
[Black "Mazara Ruiz, Adan Manuel"]
[Result "1-0"]
[WhiteElo "2256"]
[BlackElo "2189"]
[PlyCount "91"]
[EventDate "2006.05.21"]
[EventType "team-swiss"]
[EventRounds "13"]
[EventCountry "ITA"]
[SourceTitle "CBM 113"]
[Source "ChessBase"]
[SourceDate "2006.07.31"]
[SourceVersion "1"]
[SourceVersionDate "2006.07.31"]
[SourceQuality "1"]
[WhiteTeam "Latvia"]
[BlackTeam "Dominican Rep"]
[WhiteTeamCountry "LAT"]
[BlackTeamCountry "DOM"]

1. e4 d5 2. exd5 Qxd5 3. Nc3 Qa5 4. d4 Nf6 5. Nf3 c6 6. Bc4 Bf5 7. 0-0 e6 8. Bf4 Nd5 9. Bd2 Nxc3 10. bxc3 Nd7 11. Re1 Be7 12. Rb1 Qc7 13. Bd3 Bxd3 14. cxd3 0-0 15. c4 Rfe8 16. Qc1 b6 17. Bc3 Rad8 18. Qe3 Bf6 19. Ne5 Bxe5 20. dxe5 c5 21. Qg5 Nb8 22. Re3 Qe7 23. Qg4 Nc6 24. Rg3 Qf8 25. Qe4 Nd4 26. Rh3 h6 27. Bd2 Rd7 28. g4 Red8 29. Kh1 f5 30. exf6 Qxf6 31. f4 Qf7 32. Rg1 Re8 33. Rgg3 e5 34. f5 b5 35. Bxh6 bxc4 36. Bxg7 Qxg7 37. g5 Qf7 38. f6 Rb8 39. dxc4 Ne6 40. Rg1 Rd4 41. Qc6 Nf4 42. g6 Nxg6 43. Rhg3 Kh7 44. Rxg6 Rb6 45. Rg7+ Kh6 46. Qxb6 1-0

[Event "Olympiad-37"]
[Site "Turin"]
[Date "2006.05.21"]
[Round "1"]
[White "Horvath, Adam"]
[Black "Mazara Ruiz, Adan Manuel"]
[Result "1/2-1/2"]
[WhiteElo "2532"]
[BlackElo "2189"]
[PlyCount "108"]
[EventDate "2006.05.21"]
[EventType "team-swiss"]
[EventRounds "13"]
[EventCountry "ITA"]
[SourceTitle "CBM 113"]
[Source "ChessBase"]
[SourceDate "2006.07.31"]
[SourceVersion "1"]
[SourceVersionDate "2006.07.31"]
[SourceQuality "1"]
[WhiteTeam "Hungary"]
[BlackTeam "Dominican Rep"]
[WhiteTeamCountry "HUN"]
[BlackTeamCountry "DOM"]

1. e4 d5 2. exd5 Qxd5 3. Nc3 Qa5 4. d4 Nf6 5. Bc4 c6 6. Qe2 Bf5 7. Nf3 e6 8. Bd2 Bb4 9. 0-0 0-0 10. a3 Bxc3 11. Bxc3 Qc7 12. Bb3 Nbd7 13. Rad1 Rfe8 14. Ne5 Rad8 15. Bd2 Qb6 16. Bg5 h6 17. Bh4 Qb5 18. Qxb5 cxb5 19. a4 b4 20. f3 Nxe5 21. dxe5 Rxd1 22. Rxd1 Nd5 23. Bf2 a6 24. a5 Rc8 25. Rd2 h5 26. h4 Kf8 27. Kf1 Ke7 28. Ke1 Rc7 29. Kd1 Rc8 30. Rd4 Rc7 31. Rd2 Rc8 32. g3 Rc7 33. Kc1 f6 34. Bd4 Kf7 35. Kb1 fxe5 36. Bxe5 Rc5 37. g4 Bg6 38. Bd4 Rc6 39. Re2 Nf6 40. g5 Nd5 41. Ka2 Bf5 42. Rd2 Rd6 43. Be5 Rc6 44. Bd4 Rd6 45. Bc4 Ne7 46. c3 Nc6 47. Kb3 Nxa5+ 48. Kxb4 Nxc4 49. Kxc4 e5 50. Be3 Be6+ 51. Kb4 Rxd2 52. Bxd2 Bd5 53. f4 exf4 54. Bxf4 g6 1/2-1/2

[Event "Santo Domingo"]
[Site "Santo Domingo"]
[Date "2001.??.??"]
[Round "3"]
[White "Borges Matos, Juan R"]
[Black "Mazara Ruiz, Adan Manuel"]
[Result "1-0"]
[WhiteElo "2439"]
[BlackElo "2229"]
[PlyCount "61"]
[EventDate "2001.??.??"]
[EventType "tourn"]
[EventRounds "11"]
[EventCountry "DOM"]
[SourceTitle "EXT 2002"]
[Source "ChessBase"]
[SourceDate "2001.11.25"]
[SourceVersion "1"]
[SourceVersionDate "2001.11.25"]
[SourceQuality "1"]

1. d4 d5 2. c4 Nc6 3. Nf3 e5 4. dxe5 Bb4+ 5. Bd2 dxc4 6. e3 Nge7 7. Bxc4 Bxd2+ 8. Nbxd2 0-0 9. Qb3 Na5 10. Qc3 Nxc4 11. Nxc4 Bg4 12. Nd4 Nd5 13. Qd2 a6 14. 0-0 Qe7 15. e4 Nb6 16. Nxb6 cxb6 17. h3 Bd7 18. f4 Rad8 19. Rad1 Bc6 20. Nxc6 bxc6 21. Qc3 c5 22. Rd5 Qh4 23. Qe3 Qe7 24. Rfd1 Rb8 25. Rd7 Qe6 26. b3 Qh6 27. Qg3 Qg6 28. Qf3 Qh6 29. Kh2 Qc6 30. R1d6 Qb5 31. e6 1-0

[Event "Santo Domingo"]
[Site "Santo Domingo"]
[Date "2001.??.??"]
[Round "1"]
[White "De Los Santos Nunez, Eddy"]
[Black "Mazara Ruiz, Adan Manuel"]
[Result "1/2-1/2"]
[WhiteElo "2190"]
[BlackElo "2229"]
[PlyCount "80"]
[EventDate "2001.??.??"]
[EventType "tourn"]
[EventRounds "11"]
[EventCountry "DOM"]
[SourceTitle "EXT 2002"]
[Source "ChessBase"]
[SourceDate "2001.11.25"]
[SourceVersion "1"]
[SourceVersionDate "2001.11.25"]
[SourceQuality "1"]

1. d4 d5 2. c4 c6 3. Nc3 Nf6 4. cxd5 cxd5 5. Nf3 Nc6 6. Bf4 Ne4 7. e3 Nxc3 8. bxc3 g6 9. Bd3 Bg7 10. 0-0 0-0 11. c4 Bg4 12. h3 Bxf3 13. Qxf3 dxc4 14. Bxc4 e5 15. dxe5 Nxe5 16. Bxe5 Bxe5 17. Rad1 Qe7 18. Bd5 Rab8 19. Rd3 b5 20. Rfd1 Rb6 21. Bb3 Qh4 22. Rd5 Rf6 23. Qe2 Re8 24. Rxb5 Re7 25. Rbd5 Bc7 26. Rd7 Rxd7 27. Rxd7 Bb6 28. Qd2 Qe4 29. Qd5 Qb1+ 30. Kh2 Qf5 31. Qxf5 Rxf5 32. Kg1 h5 33. g4 hxg4 34. hxg4 Rf6 35. g5 Rf5 36. Rd5 Rxd5 37. Bxd5 Kg7 38. Kg2 f6 39. gxf6+ Kxf6 40. Kf3 g5 1/2-1/2

[Event "Santo Domingo"]
[Site "Santo Domingo"]
[Date "2001.??.??"]
[Round "4"]
[White "Mazara Ruiz, Adan Manuel"]
[Black "Carrion, Marcelo"]
[Result "0-1"]
[WhiteElo "2229"]
[BlackElo "2227"]
[PlyCount "57"]
[EventDate "2001.??.??"]
[EventType "tourn"]
[EventRounds "11"]
[EventCountry "DOM"]
[SourceTitle "EXT 2002"]
[Source "ChessBase"]
[SourceDate "2001.11.25"]
[SourceVersion "1"]
[SourceVersionDate "2001.11.25"]
[SourceQuality "1"]

1. e4 c5 2. d4 e6 3. d5 Nf6 4. Nc3 exd5 5. exd5 d6 6. Nf3 a6 7. a4 Bg4 8. h3 Bh5 9. Be2 Be7 10. 0-0 0-0 11. Nd2 Bxe2 12. Qxe2 Re8 13. Nc4 Nbd7 14. Bf4 Nb6 15. Ne3 Bf8 16. Qd3 g6 17. a5 Nbd7 18. Nc4 Qc7 19. g4 b5 20. axb6 Nxb6 21. Na5 Nbd7 22. Nc6 Nb8 23. Bg5 Nfd7 24. Nxb8 Qxb8 25. Ne4 Bg7 26. Rab1 Ne5 27. Qg3 Nxg4 28. Nxd6 Be5 29. Qd3 0-1

[Event "Santo Domingo"]
[Site "Santo Domingo"]
[Date "2001.??.??"]
[Round "6"]
[White "Mazara Ruiz, Adan Manuel"]
[Black "Dominguez, Jose Manuel"]
[Result "0-1"]
[WhiteElo "2229"]
[BlackElo "2329"]
[PlyCount "59"]
[EventDate "2001.??.??"]
[EventType "tourn"]
[EventRounds "11"]
[EventCountry "DOM"]
[SourceTitle "EXT 2002"]
[Source "ChessBase"]
[SourceDate "2001.11.25"]
[SourceVersion "1"]
[SourceVersionDate "2001.11.25"]
[SourceQuality "1"]

1. e4 e5 2. Nf3 Nc6 3. d4 exd4 4. Nxd4 Nf6 5. Nxc6 bxc6 6. e5 Ne4 7. Bd3 Nc5 8. 0-0 Be7 9. Qg4 g6 10. Bh6 d5 11. Qg3 Ne6 12. Nc3 Rb8 13. Rad1 Bh4 14. Qe3 Bg5 15. Bxg5 Qxg5 16. f4 Qe7 17. Qxa7 Rxb2 18. Kh1 0-0 19. Qf2 Nc5 20. Qg3 Nxd3 21. cxd3 Bf5 22. d4 Ra8 23. Qe3 Ra3 24. Rf3 Bg4 25. f5 Bxf3 26. Qxf3 Rc2 27. f6 Qe6 28. Qf4 Kf8 29. Rb1 Ke8 30. Nd1 0-1

[Event "Santo Domingo"]
[Site "Santo Domingo"]
[Date "2001.??.??"]
[Round "9"]
[White "Puntier Andujar, William Staling"]
[Black "Mazara Ruiz, Adan Manuel"]
[Result "1-0"]
[WhiteElo "2163"]
[BlackElo "2229"]
[PlyCount "100"]
[EventDate "2001.??.??"]
[EventType "tourn"]
[EventRounds "11"]
[EventCountry "DOM"]
[SourceTitle "EXT 2002"]
[Source "ChessBase"]
[SourceDate "2001.11.25"]
[SourceVersion "1"]
[SourceVersionDate "2001.11.25"]
[SourceQuality "1"]

1. e4 d5 2. exd5 Qxd5 3. Nc3 Qd8 4. d4 Nf6 5. Nf3 Bg4 6. h3 Bh5 7. g4 Bg6 8. Ne5 e6 9. Bg2 c6 10. 0-0 Nfd7 11. Qe2 Nxe5 12. dxe5 Bc5 13. Ne4 Bxe4 14. Qxe4 Qb6 15. c3 a5 16. Rb1 a4 17. Bg5 0-0 18. Bh4 Nd7 19. Kh1 f5 20. exf6 Nxf6 21. Qxe6+ Kh8 22. b4 axb3 23. Qxb3 Qxb3 24. axb3 Nd5 25. b4 Bb6 26. c4 Nf4 27. b5 Bd4 28. bxc6 bxc6 29. Bxc6 Ra3 30. Bg2 Rc3 31. Rbc1 Rxc1 32. Rxc1 Nd3 33. Rc2 g5 34. Bg3 Nf4 35. c5 Rc8 36. c6 Rc7 37. Rc4 Be5 38. Rc5 Re7 39. c7 Bxc7 40. Rxg5 Re5 41. Bxf4 Re1+ 42. Bf1 Bxf4 43. Rf5 Bc7 44. Kg2 Re7 45. Bc4 Kg7 46. h4 Bd8 47. Rg5+ Kf6 48. Rg8 Rd7 49. g5+ Ke5 50. Kg3 Bc7 1-0

[Event "Saiz Memorial"]
[Site "Cuba"]
[Date "1998.??.??"]
[Round "?"]
[White "Alonso Garcia, Rene Marcial"]
[Black "Mazara Ruiz, Adan Manuel"]
[Result "1-0"]
[WhiteElo "2345"]
[BlackElo "2250"]
[PlyCount "80"]
[EventDate "1998.??.??"]
[EventType "tourn"]
[EventRounds "14"]
[EventCountry "CUB"]
[SourceTitle "EXT 2003"]
[Source "ChessBase"]
[SourceDate "2002.11.25"]
[SourceVersion "1"]
[SourceVersionDate "2002.11.25"]
[SourceQuality "1"]

1. Nf3 Nf6 2. c4 e6 3. Nc3 d5 4. d4 Be7 5. Bf4 0-0 6. e3 c5 7. dxc5 Qa5 8. a3 Ne4 9. b4 Nxc3 10. Qc2 Qa4 11. Qxc3 Nc6 12. cxd5 exd5 13. Bd3 Bg4 14. Nd4 Bf6 15. 0-0 a5 16. Bc2 Nxd4 17. exd4 Qb5 18. Bd3 Qa4 19. Be5 Bxe5 20. dxe5 Rfd8 21. Qd4 Bd7 22. Rfe1 Bb5 23. e6 Bxd3 24. exf7+ Kh8 25. Qxd3 axb4 26. Re5 Rf8 27. Qxd5 Qc6 28. Qxc6 bxc6 29. Rae1 Rxf7 30. Re8+ Rf8 31. Rxf8+ Rxf8 32. axb4 Rd8 33. Kf1 Kg8 34. Ke2 Rd4 35. Rb1 Kf7 36. Ke3 Rd7 37. b5 cxb5 38. Rxb5 Ke6 39. Rb1 Rd5 40. Rb6+ Kf5 1-0

[Event "Saiz Memorial"]
[Site "Cuba"]
[Date "1998.??.??"]
[Round "?"]
[White "Mazara Ruiz, Adan Manuel"]
[Black "Ferragut, Arnaldo"]
[Result "1-0"]
[WhiteElo "2250"]
[BlackElo "2215"]
[PlyCount "63"]
[EventDate "1998.??.??"]
[EventType "tourn"]
[EventRounds "14"]
[EventCountry "CUB"]
[SourceTitle "EXT 2003"]
[Source "ChessBase"]
[SourceDate "2002.11.25"]
[SourceVersion "1"]
[SourceVersionDate "2002.11.25"]
[SourceQuality "1"]

1. d4 Nf6 2. c4 c5 3. Nf3 g6 4. Nc3 b6 5. d5 d6 6. h3 Bg7 7. e4 0-0 8. Bd3 Nbd7 9. 0-0 a6 10. a4 e5 11. dxe6 fxe6 12. Bc2 Ne8 13. Ng5 Ne5 14. f4 Nc6 15. f5 Nd4 16. fxg6 hxg6 17. Rxf8+ Bxf8 18. e5 Nxc2 19. Qxc2 Kg7 20. Qe4 Ra7 21. Qh4 Kg8 22. Bf4 d5 23. Rd1 d4 24. Nce4 Rb7 25. Rf1 d3 26. Be3 d2 27. Bxd2 Qd4+ 28. Kh1 b5 29. axb5 axb5 30. Rf6 Rg7 31. Rxg6 Qxc4 32. Qh7# 1-0